Aquaculture management
This text shows how to increase the effectiveness of aquaculture operations across the board. Serving as both a field manual for professionals and a textbook for aquaculture students, it aims to cover all aspects of aquaculture - from production and management to marketing and ethical considerations...
Đã lưu trong:
| 主要作者: | |
|---|---|
| 格式: | 圖書 |
| 語言: | Undetermined |
| 出版: |
New York
Chapman & hall
1989
|
| 主題: | |
| 標簽: |
添加標簽
沒有標簽, 成為第一個標記此記錄!
|
| Thư viện lưu trữ: | Trung tâm Học liệu Trường Đại học Cần Thơ |
|---|
| LEADER | 00779nam a2200193Ia 4500 | ||
|---|---|---|---|
| 001 | CTU_126671 | ||
| 008 | 210402s9999 xx 000 0 und d | ||
| 082 | |a 639.0916 | ||
| 082 | |b M481 | ||
| 100 | |a Meade, James W. | ||
| 245 | 0 | |a Aquaculture management | |
| 245 | 0 | |c James W. Meade | |
| 260 | |a New York | ||
| 260 | |b Chapman & hall | ||
| 260 | |c 1989 | ||
| 520 | |a This text shows how to increase the effectiveness of aquaculture operations across the board. Serving as both a field manual for professionals and a textbook for aquaculture students, it aims to cover all aspects of aquaculture - from production and management to marketing and ethical considerations. | ||
| 650 | |a Aquaculture | ||
| 904 | |i M.Loan | ||
| 980 | |a Trung tâm Học liệu Trường Đại học Cần Thơ | ||